Statistiche per Comuni del Friuli-Venezia Giulia (con mappa)

Clicka qui per fare il quiz!

Statistiche generali

  • Questo quiz è stato fatto 786 volte
  • Il punteggio medio è 75 su 215

Risposte nella Mappa

Le risposte nella mappa del quiz sottostante sono codificate secondo una scala di colori dal rosso al verde in base alla % di persone che hanno risposto correttamente.
 

Statistiche sulle risposte

Comune% Corretto
Pordenone
93%
Trieste
93%
Udine
93%
Gorizia
89%
Lignano Sabbiadoro
75%
Monfalcone
72%
Grado
71%
Tarvisio
70%
Aquileia
63%
Latisana
63%
Muggia
61%
Palmanova
60%
San Daniele del Friuli
60%
Cividale del Friuli
59%
Tolmezzo
58%
Codroipo
57%
Cormons
55%
Sacile
55%
Aviano
54%
Cordenons
53%
Gemona del Friuli
53%
San Vito al Tagliamento
52%
Sappada
50%
Forni di Sopra
48%
Cervignano del Friuli
47%
Gradisca d'Isonzo
47%
Maniago
47%
Marano Lagunare
47%
Spilimbergo
47%
Tarcento
47%
Forni di Sotto
45%
San Giorgio di Nogaro
45%
Ronchi dei Legionari
44%
Osoppo
43%
Pontebba
43%
Tavagnacco
43%
Azzano Decimo
42%
Duino-Aurisina
42%
Erto e Casso
42%
Martignacco
42%
Vajont
42%
Casarsa della Delizia
41%
Forni Avoltri
41%
Barcis
40%
San Dorligo della Valle
40%
Villesse
40%
Buttrio
39%
Chions
39%
Fagagna
39%
Fontanafredda
39%
Pasian di Prato
39%
Tramonti di Sopra
39%
Tramonti di Sotto
39%
Ampezzo
38%
Fiume Veneto
38%
Sauris
38%
Venzone
38%
Basiliano
37%
Mortegliano
37%
Nimis
37%
Prata di Pordenone
37%
Tricesimo
37%
Buja
36%
Campoformido
36%
Caneva
36%
Claut
36%
Gonars
36%
Majano
36%
Manzano
36%
Polcenigo
36%
Porcia
36%
Sgonico
36%
Attimis
35%
Brugnera
35%
Budoia
35%
Ovaro
35%
Paluzza
35%
Torviscosa
35%
Aiello del Friuli
34%
Amaro
34%
Arta Terme
34%
Artegna
34%
Bordano
34%
Remanzacco
34%
Zoppola
34%
Chiusaforte
33%
Montereale Valcellina
33%
Palazzolo dello Stella
33%
Pradamano
33%
Ravascletto
33%
Sagrado
33%
Sedegliano
33%
Faedis
32%
Fogliano Redipuglia
32%
Monrupino
32%
Mossa
32%
Sequals
32%
Sesto al Reghena
32%
Villa Santina
32%
Castions di Strada
31%
Cavazzo Carnico
31%
Cimolais
31%
Cordovado
31%
Corno di Rosazzo
31%
Dignano
31%
Pagnacco
31%
Pasiano di Pordenone
31%
Paularo
31%
Pavia di Udine
31%
Porpetto
31%
Resiutta
31%
Staranzano
31%
Trasaghis
31%
Vivaro
31%
Andreis
30%
Capriva del Friuli
30%
Carlino
30%
Comeglians
30%
Resia
30%
Ronchis
30%
Roveredo in Piano
30%
San Canzian d'Isonzo
30%
San Giovanni al Natisone
30%
Savogna
30%
Sutrio
30%
Talmassons
30%
Camino al Tagliamento
29%
Doberdò del Lago
29%
Flaibano
29%
Meduno
29%
Mereto di Tomba
29%
Pravisdomini
29%
Precenicco
29%
Ruda
29%
San Quirino
29%
Arba
28%
Bagnaria Arsa
28%
Bicinicco
28%
Lestizza
28%
Mariano del Friuli
28%
Moggio Udinese
28%
Moimacco
28%
Morsano al Tagliamento
28%
Moruzzo
28%
Muzzana del Turgnano
28%
Prato Carnico
28%
Premariacco
28%
Reana del Rojale
28%
Romans d'Isonzo
28%
San Martino al Tagliamento
28%
Travesio
28%
Zuglio
28%
Cassacco
27%
Farra d'Isonzo
27%
Frisanco
27%
Malborghetto-Valbruna
27%
Medea
27%
Pozzuolo del Friuli
27%
Rivignano Teor
27%
San Floriano del Collio
27%
San Pietro al Natisone
27%
Terzo di Aquileia
27%
Valvasone Arzene
27%
Varmo
27%
Colloredo di Monte Albano
26%
Coseano
26%
Drenchia
26%
Fanna
26%
San Giorgio della Richinvelda
26%
San Leonardo
26%
San Pier d'Isonzo
26%
Bertiolo
25%
Cercivento
25%
Clauzetto
25%
Dogna
25%
Dolegna del Collio
25%
Enemonzo
25%
Pinzano al Tagliamento
25%
Preone
25%
Prepotto
25%
Santa Maria la Longa
25%
San Vito di Fagagna
25%
Socchieve
25%
Turriaco
25%
Verzegnis
25%
Vito d'Asio
25%
Fiumicello Villa Vicentina
24%
Lusevera
24%
Montenars
24%
Povoletto
24%
Cavasso Nuovo
23%
Forgaria nel Friuli
23%
Lauco
23%
Pocenia
23%
Raveo
23%
Rive d'Arcano
23%
Stregna
23%
Castelnovo del Friuli
22%
Ragogna
22%
Rigolato
22%
San Lorenzo Isontino
22%
Taipana
22%
Torreano
22%
Visco
22%
Moraro
21%
Savogna d'Isonzo
21%
Treppo Grande
21%
Trivignano Udinese
21%
Pulfero
20%
San Vito al Torre
20%
Chiopris-Viscone
19%
Magnano in Riviera
19%
Treppo Ligosullo
19%
Grimacco
18%
Campolongo Tapogliano
17%

Distribuzione punteggi

Percentile per numero di risposta

Percentuale di utenti per punteggio

I tuoi punteggi nel tempo

Non hai fatto questo quiz